[Event "FIDE World Bl Team Pool C"]
[Site "London ENG"]
[Date "2025.06.14"]
[Round "13.3"]
[White "Sason, Noam"]
[Black "Kurbanbaev, Zalkar"]
[Result "0-1"]
[WhiteElo "2153"]
[BlackElo "2119"]
[WhiteTeam "OlalaStars"]
[BlackTeam "Youth KG"]
[WhiteFideId "371282346"]
[BlackFideId "13808524"]
[EventDate "2025.06.14"]
[EventType "team"]

1. Nf3 Nf6 2. g3 g6 3. Bg2 Bg7 4. O-O O-O 5. d3 d5 6. Nbd2 c5 7. e4 Nc6 8. Re1
e5 9. exd5 Nxd5 10. Nc4 f6 11. a4 Be6 12. c3 Qd7 13. Nfd2 b6 14. Ne4 h6 15. f4
exf4 16. gxf4 Bh3 17. Qf3 Bxg2 18. Kxg2 Rfe8 19. Bd2 Nc7 20. a5 Rab8 21. axb6
axb6 22. Qg3 Kh7 23. Ncd6 Re7 24. Qh4 Rf8 25. Nc4 Qxd3 26. f5 g5 27. Qg4 Ne5 28.
Nxe5 Rxe5 29. Ra7 Rfe8 30. Nxf6+ Bxf6 31. Rxc7+ Kg8 32. Rxe5 Qxd2+ 33. Qe2 Qxe2+
34. Rxe2 Rxe2+ 35. Kf3 Rxh2 36. Rc6 Kf7 37. Rxb6 h5 38. Rb7+ Be7 39. b4 cxb4 40.
cxb4 Rb2 41. b5 Rb4 42. Kg3 Kf6 43. Kf3 h4 44. Kg2 g4 45. Kf2 h3 46. Rc7 Rb3 47.
Rc6+ Kxf5 48. b6 g3+ 49. Kf1 g2+ 50. Kf2 Rxb6 51. Rxb6 Ke5 0-1

[Event "FIDE World Bl Team Pool C"]
[Site "London ENG"]
[Date "2025.06.14"]
[Round "13.4"]
[White "Keneshbekov, Elim"]
[Black "Blokhin, Sofia"]
[Result "1-0"]
[WhiteTitle "CM"]
[BlackTitle "WFM"]
[WhiteElo "1883"]
[BlackElo "2057"]
[WhiteTeam "Youth KG"]
[BlackTeam "OlalaStars"]
[WhiteFideId "13816772"]
[BlackFideId "4508190"]
[EventDate "2025.06.14"]
[EventType "team"]

1. e4 c5 2. Nc3 e6 3. g3 Nc6 4. Bg2 g6 5. d3 Bg7 6. Nge2 Nge7 7. f4 O-O 8. O-O
d5 9. h3 b6 10. e5 a6 11. Bd2 Bb7 12. Qe1 f6 13. exf6 Bxf6 14. g4 e5 15. Ng3 Qd6
16. f5 b5 17. g5 Bg7 18. f6 b4 19. Nce2 Bxf6 20. gxf6 Rxf6 21. Bh6 Nf5 22. Nxf5
gxf5 23. Bg5 Rg6 24. Rxf5 Bc8 25. Rf6 Rxf6 26. Bxf6 Qxf6 27. Qg3+ Kh8 28. Rf1
Bf5 29. Bxd5 Rf8 30. Kh2 Ne7 31. Be4 Rg8 32. Qf3 Bxe4 33. Qxf6+ Rg7 34. Rg1 Bg6
35. Qf8+ Ng8 36. Rf1 Bh5 37. Ng3 Bg6 38. Qd6 Ne7 39. Rf8+ Ng8 40. Qxe5 h6 41.
Ne4 Kh7 42. Nf6+ Kh8 43. Nxg8 1-0

[Event "FIDE World Bl Team Pool C"]
[Site "London ENG"]
[Date "2025.06.14"]
[Round "13.5"]
[White "Agafonov, Yuri Dr"]
[Black "Mukanov, Iskender"]
[Result "1-0"]
[WhiteElo "2096"]
[BlackElo "1715"]
[WhiteTeam "OlalaStars"]
[BlackTeam "Youth KG"]
[WhiteFideId "11602104"]
[BlackFideId "13829599"]
[EventDate "2025.06.14"]
[EventType "team"]

1. b4 Nf6 2. Bb2 d5 3. e3 c6 4. Nf3 Bf5 5. Be2 Nbd7 6. O-O e6 7. a3 Bd6 8. d3
O-O 9. Nbd2 h6 10. c4 b6 11. Rc1 Rc8 12. Qa4 Qc7 13. cxd5 exd5 14. h3 Rfe8 15.
Nd4 Bg6 16. Rxc6 Qb8 17. Rfc1 Ne5 18. Rxc8 Rxc8 19. Rxc8+ Qxc8 20. Qb3 Bb8 21.
f4 Nc6 22. Qc2 Ne7 23. Qxc8+ Nxc8 24. g4 Nd7 25. f5 Bh7 26. Nc6 Bd6 27. Bf3 g6
28. e4 gxf5 29. exf5 Bf4 30. Nb3 Be3+ 31. Kg2 f6 32. Bxd5+ Kf8 33. Bd4 Bg5 34.
Be6 Ke8 35. Bf2 h5 36. Nbd4 Bc1 37. a4 hxg4 38. hxg4 Nd6 39. Nxa7 Bd2 40. Nac6
Ne5 41. Bg3 Nxc6 42. Nxc6 Nb7 43. Bf2 Bg8 1-0

[Event "FIDE World Bl Team Pool C"]
[Site "London ENG"]
[Date "2025.06.14"]
[Round "13.6"]
[White "Baktybek Kyzy, Alika"]
[Black "Kiritshenko, Platon"]
[Result "0-1"]
[WhiteElo "1590"]
[BlackElo "1587"]
[WhiteTeam "Youth KG"]
[BlackTeam "OlalaStars"]
[WhiteFideId "13841327"]
[BlackFideId "4522010"]
[EventDate "2025.06.14"]
[EventType "team"]

1. e4 c5 2. c3 d5 3. exd5 Qxd5 4. d4 Nf6 5. Nf3 Nc6 6. Be2 e6 7. O-O Be7 8. h3
cxd4 9. cxd4 O-O 10. Nc3 Qd6 11. a3 a6 12. Be3 Rd8 13. Qc2 Bd7 14. Rad1 Rac8 15.
Bg5 Nd5 16. Qd2 f6 17. Be3 Nxc3 18. bxc3 Qxa3 19. Ra1 Qd6 20. Bf4 e5 21. dxe5
Qxd2 22. Bxd2 fxe5 23. Bc4+ Kh8 24. Be3 h6 25. Bd5 Bf6 26. Bb6 Re8 27. Rad1 Bf5
28. c4 e4 29. Nd2 Re5 30. f4 exf3 31. Nxf3 Ree8 32. Nh4 Bc2 33. Bf7 Bxd1 34.
Bxe8 Be2 35. Re1 Rxe8 36. Ng6+ Kh7 37. Nf4 Nd4 38. Bxd4 Bxd4+ 39. Kh1 g5 40.
Nxe2 Bf2 41. Rd1 Rxe2 42. Rd7+ Kg6 43. Rxb7 Rc2 44. Rb6+ Bxb6 0-1

[Event "FIDE World Bl Team Pool C"]
[Site "London ENG"]
[Date "2025.06.14"]
[Round "13.1"]
[White "Keymer, Vincent"]
[Black "Pichot, Alan"]
[Result "1/2-1/2"]
[WhiteTitle "GM"]
[BlackTitle "GM"]
[WhiteElo "2730"]
[BlackElo "2588"]
[WhiteTeam "Germany and Friends"]
[BlackTeam "Duobeniajan Costa Calida ESJ"]
[WhiteFideId "12940690"]
[BlackFideId "110973"]
[EventDate "2025.06.14"]
[EventType "team"]

1. c4 Nf6 2. Nf3 e6 3. b3 d5 4. Bb2 Be7 5. g3 O-O 6. Bg2 a5 7. Nc3 c6 8. e3 b6
9. O-O Ba6 10. d3 b5 11. cxb5 cxb5 12. Rc1 Qb6 13. Nd4 Bc5 14. Nce2 Nbd7 15. a3
Rfc8 16. Qd2 Bd6 17. b4 axb4 18. axb4 Bb7 19. Rxc8+ Rxc8 20. Ra1 Ra8 21. Rxa8+
Bxa8 22. Nb3 Ne8 23. Bd4 Qc7 24. Qa2 Bb7 25. Bc3 Qb6 26. d4 Bf8 27. Nc5 Qc6 28.
Nc1 Nb6 29. N1b3 Bc8 30. Qa7 Na4 31. Na5 Qb6 32. Qxb6 Nxb6 33. Bf1 Nd6 34. Nc6
Ndc4 35. Na7 Be7 36. Nxb5 Kf8 37. Na7 Ke8 38. e4 Bd6 39. b5 Bb8 40. Nxc8 Nxc8
41. exd5 exd5 42. Nd3 N8d6 43. Nf4 Nxb5 44. Nxd5 Nxc3 45. Nxc3 Nd6 46. Bd3 g6
47. Kg2 Ba7 48. Ne2 Ke7 49. h4 f5 50. Kf3 Kf6 51. Ke3 h6 52. Nc3 g5 53. hxg5+
hxg5 54. Nd5+ Ke6 55. Nb4 f4+ 56. gxf4 gxf4+ 57. Kxf4 Bxd4 58. f3 Bc3 59. Nc2
Bd2+ 60. Kg3 Ke5 61. Na3 Bb4 62. Nc4+ 1/2-1/2

[Event "FIDE World Bl Team Pool C"]
[Site "London ENG"]
[Date "2025.06.14"]
[Round "13.2"]
[White "Ibarra Jerez, Jose Carlos"]
[Black "Svane, Rasmus"]
[Result "0-1"]
[WhiteTitle "GM"]
[BlackTitle "GM"]
[WhiteElo "2545"]
[BlackElo "2626"]
[WhiteTeam "Duobeniajan Costa Calida ESJ"]
[BlackTeam "Germany and Friends"]
[WhiteFideId "2226332"]
[BlackFideId "4657101"]
[EventDate "2025.06.14"]
[EventType "team"]

1. g3 d5 2. Bg2 Nf6 3. d3 e5 4. Nf3 Bd6 5. O-O O-O 6. Nc3 Nbd7 7. e4 dxe4 8.
dxe4 Nc5 9. Qe2 a5 10. Rd1 Qe7 11. Nh4 Bg4 12. Bf3 Be6 13. Nb5 Rfd8 14. Nxd6
cxd6 15. c4 h6 16. b3 Nh7 17. Nf5 Bxf5 18. exf5 e4 19. Bb2 Qg5 20. Bg4 Nf6 21.
Bh3 Nd3 22. Rxd3 exd3 23. Qxd3 d5 24. c5 Re8 25. Bg2 Re7 26. Bf3 Ne4 27. Qxd5
Qd2 28. Bd4 Ng5 29. Rd1 Re1+ 30. Rxe1 Qxe1+ 31. Kg2 Nxf3 32. Qxf3 Qe7 33. f6
gxf6 34. Bxf6 Qe6 35. Qxb7 Re8 36. Qf3 Rc8 37. Bd4 f5 38. Qf4 Qe4+ 39. Qxe4 fxe4
40. f3 Rd8 41. Be3 Kf7 42. fxe4 Ke6 43. Kf3 h5 44. Bf4 Rd3+ 45. Be3 Rc3 46. h3
Rc2 47. a3 Rc3 48. b4 a4 49. b5 Rxa3 50. b6 Kd7 51. e5 Rb3 52. e6+ Kxe6 53. c6
Kd6 54. c7 Kd7 55. Ke4 Rxe3+ 56. Kxe3 a3 57. Kd4 0-1

[Event "FIDE World Bl Team Pool C"]
[Site "London ENG"]
[Date "2025.06.14"]
[Round "13.3"]
[White "Bluebaum, Matthias"]
[Black "Cuenca Jimenez, Jose Fernando"]
[Result "1-0"]
[WhiteTitle "GM"]
[BlackTitle "GM"]
[WhiteElo "2663"]
[BlackElo "2487"]
[WhiteTeam "Germany and Friends"]
[BlackTeam "Duobeniajan Costa Calida ESJ"]
[WhiteFideId "24651516"]
[BlackFideId "2255570"]
[EventDate "2025.06.14"]
[EventType "team"]

1. d4 Nf6 2. c4 g6 3. Nc3 Bg7 4. e4 d6 5. Be2 O-O 6. Nf3 Na6 7. O-O e5 8. Be3
Qe7 9. dxe5 dxe5 10. Nd5 Qd8 11. Qc2 Ng4 12. Rad1 Nxe3 13. Nxe3 Qe7 14. Nd5 Qe6
15. c5 c6 16. Ne3 Nc7 17. Nc4 Qe7 18. Nd6 Bg4 19. Nxb7 Bxf3 20. Bxf3 Ne6 21. Nd6
Nd4 22. Qc3 a5 23. Rfe1 Rfb8 24. Be2 Qc7 25. Bc4 Rf8 26. f4 Qa7 27. fxe5 Ne6 28.
Bxe6 fxe6 29. Rf1 Qa6 30. Qb3 Kh8 31. Qxe6 h6 32. Qxg6 Qa7 33. Nf7+ Kg8 34.
Nxh6+ Kh8 35. Nf7+ Kg8 36. Ng5 Qxc5+ 37. Kh1 Rxf1+ 38. Rxf1 1-0

[Event "FIDE World Bl Team Pool C"]
[Site "London ENG"]
[Date "2025.06.14"]
[Round "13.4"]
[White "Camacho Collados, Marcos"]
[Black "Svane, Frederik"]
[Result "0-1"]
[WhiteTitle "IM"]
[BlackTitle "GM"]
[WhiteElo "2462"]
[BlackElo "2667"]
[WhiteTeam "Duobeniajan Costa Calida ESJ"]
[BlackTeam "Germany and Friends"]
[WhiteFideId "2266237"]
[BlackFideId "12923044"]
[EventDate "2025.06.14"]
[EventType "team"]

1. Nf3 d5 2. g3 Bg4 3. Bg2 Nd7 4. h3 Bxf3 5. Bxf3 e6 6. d3 c6 7. O-O Bc5 8. e4
Ne7 9. Kg2 O-O 10. Nd2 a5 11. a4 Qc7 12. Nb3 Bd6 13. h4 f5 14. Nd4 Nc5 15. exd5
exd5 16. Re1 f4 17. g4 Ng6 18. Rh1 Ne5 19. Bd2 Rae8 20. Qg1 Qd7 21. Kf1 Ne6 22.
Nxe6 Nxf3 23. Nxf8 Nxd2+ 24. Kg2 Qxg4+ 0-1

[Event "FIDE World Bl Team Pool C"]
[Site "London ENG"]
[Date "2025.06.14"]
[Round "13.5"]
[White "Wagner, Dinara"]
[Black "Khotenashvili, Bella"]
[Result "0-1"]
[WhiteTitle "IM"]
[BlackTitle "GM"]
[WhiteElo "2404"]
[BlackElo "2418"]
[WhiteTeam "Germany and Friends"]
[BlackTeam "Duobeniajan Costa Calida ESJ"]
[WhiteFideId "24157570"]
[BlackFideId "13602640"]
[EventDate "2025.06.14"]
[EventType "team"]

1. d4 c5 2. d5 g6 3. c4 Bg7 4. e4 d6 5. Nf3 e6 6. h3 Ne7 7. Bd3 O-O 8. Nc3 e5 9.
g4 a6 10. a4 a5 11. Be3 Na6 12. Rg1 Nb4 13. Be2 Kh8 14. Qd2 f5 15. gxf5 gxf5 16.
Bg5 fxe4 17. Nxe4 Bf5 18. Bd3 Nxd3+ 19. Qxd3 Qd7 20. h4 Bg6 21. Bxe7 Qxe7 22.
Nfg5 Rf4 23. h5 Bxe4 24. Nxe4 Bh6 25. Ke2 Raf8 26. Rg3 Qh4 27. Nd2 Rxf2+ 28. Kd1
Rxd2+ 0-1

[Event "FIDE World Bl Team Pool C"]
[Site "London ENG"]
[Date "2025.06.14"]
[Round "13.6"]
[White "Torres, Lucas"]
[Black "Lobkin, Bohdan"]
[Result "0-1"]
[WhiteElo "1897"]
[BlackElo "1900"]
[WhiteTeam "Duobeniajan Costa Calida ESJ"]
[BlackTeam "Germany and Friends"]
[WhiteFideId "1769464"]
[BlackFideId "34115552"]
[EventDate "2025.06.14"]
[EventType "team"]

1. e4 e5 2. Nf3 Nc6 3. d4 exd4 4. Nxd4 Bc5 5. Nb3 Bb6 6. Qe2 a5 7. a4 Nge7 8.
Nc3 O-O 9. Be3 Bxe3 10. Qxe3 f5 11. f3 fxe4 12. fxe4 d6 13. O-O-O Be6 14. Nd4
Nxd4 15. Qxd4 Nc6 16. Qe3 Ne5 17. Be2 Bc4 18. Rhf1 Bxe2 19. Qxe2 Qg5+ 20. Kb1
Qh6 21. h3 Rfe8 22. Nd5 Rac8 23. Rf2 c6 24. Nc3 Qe6 25. Rdf1 h6 26. g4 Nc4 27.
h4 d5 28. Re1 d4 29. Nd1 b5 30. axb5 cxb5 31. Qd3 Red8 32. Ref1 Ne5 33. Qb3 Qxb3
34. cxb3 Nxg4 35. Rf5 Rf8 36. R1f4 Ne5 37. Rxf8+ Rxf8 38. Rxf8+ Kxf8 39. Kc2 g5
40. hxg5 hxg5 41. Nf2 g4 42. Nh1 Ke7 43. Ng3 Kd6 44. Kd2 Kc5 45. Kc2 d3+ 46. Kc3
b4+ 47. Kd2 Kd4 48. Nf5+ Kxe4 49. Ng3+ Kf3 50. Nf1 g3 51. Nxg3 Kxg3 52. Ke3 Kg2
53. Kd2 Kf2 54. Kc1 Ke1 55. Kb1 d2 56. Ka2 Nd3 0-1